HR practice: (Record no. 31640)

000 -LEADER
fixed length control field 00474nam a22001457a 4500
008 - FIXED-LENGTH DATA ELEMENTS--GENERAL INFORMATION
fixed length control field 230705b |||||||| |||| 00| 0 eng d
020 ## - INTERNATIONAL STANDARD BOOK NUMBER
International Standard Book Number 9789966823380
050 ## - LIBRARY OF CONGRESS CALL NUMBER
Classification number HF5549
Item number .G58 2020
100 ## - MAIN ENTRY--PERSONAL NAME
Personal name Gitoho, Salome
245 ## - TITLE STATEMENT
Title HR practice:
Remainder of title a rear view/
Statement of responsibility, etc. Salome G.
260 ## - PUBLICATION, DISTRIBUTION, ETC. (IMPRINT)
Place of publication, distribution, etc. Nairobi Ken. :
Name of publisher, distributor, etc. Neno publishers,
Date of publication, distribution, etc. 2020
300 ## - PHYSICAL DESCRIPTION
Extent xx,150p. ;
Dimensions 21 cm
650 ## - SUBJECT ADDED ENTRY--TOPICAL TERM
Topical term or geographic name as entry element Human Resource Practice
General subdivision Personnel management
942 ## - ADDED ENTRY ELEMENTS (KOHA)
Source of classification or shelving scheme
Koha item type Hard Covered Materials
Classification part HF5549 .G58 2020
Holdings
Withdrawn status Lost status Source of classification or shelving scheme Damaged status Not for loan Home library Current library Shelving location Date acquired Source of acquisition Cost, normal purchase price Total Checkouts Full call number Barcode Date last seen Date last checked out Price effective from Koha item type
          MACHAKOS UNIVERSITY LIBRARY MACHAKOS UNIVERSITY LIBRARY Short Loan 05/07/2023 Donation- Chandaria 1250.00 1 HF5549 .G58 2020 39427 25/04/2024 23/04/2024 05/07/2023 Africana (Books)
© Machakos University Library, Along The Highway, Machakos Wote Rd, Machakos, Kenya P.O. Box 136 - 90100 Machakos - Kenya

Tel: ( +254 ) 723 805829 OR Fax : 044-20353 OR Email: library@mksu.ac.ke